Fr. R. Kreutzwald als zeitkritischer Beobachter (anhand seiner Beiträge in der Wochenschrift "Das Inland")
| Titel: | Fr. R. Kreutzwald als zeitkritischer Beobachter (anhand seiner Beiträge in der Wochenschrift "Das Inland") |
|---|---|
| Verfasser: | |
| In: |
Nationalepen zwischen Fakten und Fiktionen, (2011), Seite 280-294 alle Artikel anzeigen |
| Veröffentlicht: | 2011 |
| Format: | Aufsatz |
| Sprache: | Deutsch |
X
alg: 39145383 001A $01999:11-11-16 001B $01999:15-05-21 $t20:54:05.000 001D $01999:11-11-16 001U $0utf8 001X $00 002@ $0Aox 003@ $0391453831 007A $0391453831 $aHEB 007T $0Herdc0098293m 010@ $ager 011@ $a2011 021A $aFr. R. Kreutzwald als zeitkritischer Beobachter (anhand seiner Beiträge in der Wochenschrift "Das Inland") 028A $aPalm $dMari-Ann 031A $h280-294 $j2011 039B $aIn $8--Aau--. Nationalepen zwischen Fakten und Fiktionen. - Tartu : Tartu Ülikooli Kirjastus, 2011. - 321 S.. - Ill.. - ISBN 978-9949-19-911-2 $x201100000000000720 $9288745841 045F $a929.094798 $eDDC23BSB 045F/01 $a929 045F/03 $g4798 lok: 39145383 78 exp: 39145383 78 1 #EPN 201B/01 $003-04-17 $t17:53:19.000 201U/01 $0utf8 203@/01 $0787547891 208@/01 $a11-11-16 $be 209A/01 $a/ $f000 $x00 220C/01 $aTitelaufnehmer: kk 220C/01 $aHerkunft: HI Marburg 244Z/01 $2Trx $#Estija $#Igaunija $#Estland $#Estonia $#Estonia $#Estónsko $#Estonsko $8--Trx--Eesti $x01 $9391237225 244Z/01 $aGeschichte 1836-1863 $x02 244Z/01 $2Trx $8--Trx--Kreutzwald, Friedrich Reinhold$Z1803-1882 $x03 $9390722650 244Z/01 $2Trx $#publitsistid $#publicistai $#publicist $#újságírók $#publicyści $#publicisti $#publicisté $8--Trx--Publizisten $x04 $939135714X 244Z/01 $2Trx $#ajakirjad, kultuuri $#kultūriniai žurnalai $#cultural journals $#folyóíratok, kulturális $#czasopisma kulturalne $#časopisy kultúrne $#časopisy kulturní $#Kulturzeitschrift $8--Trx--Zeitschriften, kulturelle $x05 $9391357255 244Z/01 $2Trx $#kombestik $#papročiai $#Traditions $#hagyomány $#obrzędy i zwyczaje ludowe $#zvyky ľudové $#zvyky lidové $#Sitten und Bräuche $#obrady $8--Trx--Brauchtum $x06 $9391369725 244Z/01 $2Trx $#etnograafia üldine $#etnografija bendras $#ethnography general $#néprajz általános $#etnografia ogólnie $#etnografia všeobecne $#etnografie všeobecně $#Ethnographie $#kultura ludowa $#národopis $#národopis $#kultura lidová $8--Trx--Volkskunde$gallgemein $x07 $9391362054 244Z/01 $2Trx $8--Trx--Einzelbeiträge $x08 $9391384570 245Z/01 $a12.03 $x01 247C/01 $82080>Marburg/Lahn, Herder-Institut, Forschungsbibliothek, Bibliographieportal $9336309341
| LEADER | 00000caa a22000002c 4500 | ||
|---|---|---|---|
| 001 | 391453831 | ||
| 003 | DE-603 | ||
| 005 | 20210515205405.0 | ||
| 007 | tu | ||
| 008 | 161111s2011 xx |||| | u00||u|ger c | ||
| 035 | |a (DE-599)HEB391453831 | ||
| 040 | |a DE-603 |b ger |c DE-603 |d DE-603 | ||
| 041 | |a ger | ||
| 082 | 0 | 4 | |8 1\u |a 929.094798 |q DE-101 |2 23/BSB |
| 085 | |8 1\u |b 929 | ||
| 085 | |8 1\u |z 2 |s 4798 | ||
| 100 | 1 | |a Palm, Mari-Ann | |
| 245 | 0 | 0 | |a Fr. R. Kreutzwald als zeitkritischer Beobachter (anhand seiner Beiträge in der Wochenschrift "Das Inland") |
| 264 | 0 | |c 2011 | |
| 773 | 0 | 8 | |i In |t Nationalepen zwischen Fakten und Fiktionen |d Tartu : Tartu Ülikooli Kirjastus, 2011 |h 321 S., Ill. |z 9789949199112 |z 9949199115 |g (2011), Seite 280-294 |w (DE-603)288745841 |
| 924 | 0 | |9 2080 |a (DE-603)787547891 |b DE-2080 |c HES |d d |g / | |


